| 000 | 01342cam a2200313 i 4500 | ||
|---|---|---|---|
| 001 | 768714001 | ||
| 003 | CO-MdFUSB | ||
| 005 | 20230615104844.0 | ||
| 007 | ta | ||
| 008 | 230615t1990 -us||||| |||| 00| | spa d | ||
| 020 | _a 9780789903419 | ||
| 040 |
_bspa. _aCO-MdFUSB _cCO-MdFUSB _dCO-MdFUSBC _erda |
||
| 041 | _aspa | ||
| 082 | 0 | 4 |
_223 _aG 231 _bN9945d |
| 100 | 1 |
_aNyenhuis, Gerald _eautor |
|
| 245 | 1 | 0 |
_aEl Dios que adoramos : _bUn enfoque de Dios Padre, Hijo y Espíritu Santo centrado en la teología bíblica _c/ Gerald Nynhuis ; editado por Luis Nahum Sáez |
| 264 | 1 |
_aMiami, FL., USA : _bUnilit, _c[1999] |
|
| 264 | 4 | _c© 1999 | |
| 300 |
_a249 páginas _c; 23 cm |
||
| 336 |
_atexto _btxt _2rdacontent |
||
| 337 |
_2rdamedia _asin mediación _bn |
||
| 338 |
_2rdacarrier _avolumen _bnc |
||
| 505 | _aEl Dios conocido -- para conocer al incompresible -- el Dios creador -- Atributo : algo que se conoce de Dios -- Los tributos de Dios -- amor, soberanía, veracidad y justicia -- el Dios que adoramos / parte I -- el Dios que adoramos / parte II --historia de la doctrina de la Trinidad -- la compresión de la doctrina de la Trinidad -- la prueba bíblica de la doctrina de la Trinidad. | ||
| 563 | _aRustico | ||
| 650 | 7 |
_aTrinidad _9177 |
|
| 700 |
_98337 _aSáez, Luis Nahum _eeditor |
||
| 942 | _cBK | ||
| 945 | _aMag1104 | ||
| 999 |
_c34377 _d34377 |
||